000
00311nam a22001337a 4500
008
180831b xxu||||| |||| 00| 0 eng d
020
_a
019214183
041
_a
eng
080
_a
038
100
_a
23
101
_a
FJA
245
_a
The Oxford Companion to the English Language
_c
McArthur, T
942
_2
udc
_c
BK
999
_c
47419
_d
47419